|
|
|
|
| LEADER |
00000nam a2200000 a 4500 |
| 001 |
UCP1177 |
| 003 |
CL-VaPUC |
| 008 |
990401e19970000CL |||||||||||||||||spa|d |
| 082 |
0 |
4 |
|a 372.357
|b COM
|2 21
|
| 245 |
1 |
0 |
|a Comprensión del medio natural, social y cultural: tercer año de educación general básica
|
| 250 |
|
|
|a 1a. ed
|
| 300 |
|
|
|a 246 p
|
| 942 |
|
|
|c BK
|
| 945 |
|
|
|d 19990401 00:00:00
|a rbrito
|
| 260 |
|
|
|a Santiago
|b EDEBE
|c 1997
|
| 500 |
|
|
|a Incluye libro guía y Cuaderno de experiencias
|
| 650 |
|
7 |
|a ENSEÑANZA DE LAS CIENCIAS NATURALES
|2 CL-VaPUC
|9 427071
|
| 650 |
|
0 |
|a Métodos de enseñanza
|9 270413
|
| 650 |
|
0 |
|a Medio ambiente
|9 257625
|
| 650 |
|
7 |
|a LIBRO DE TEXTO
|2 CL-VaPUC
|9 309176
|
| 650 |
|
0 |
|a Educación básica
|9 224933
|
| 583 |
|
|
|a last modification
|c 19990401 00:00:00
|k Rodrigo Vera
|
| 999 |
|
|
|c 279886
|d 279884
|
| 952 |
|
|
|0 0
|1 0
|4 0
|6 372_357000000000000_COM_1997
|7 0
|8 A
|9 319771
|a BIBHIS
|b BIBHIS
|d 2019-11-20
|i 3484866
|o 372.357 COM 1997
|p 3484866
|r 2025-01-20
|w 2019-11-20
|y BK
|k HIS
|
| 952 |
|
|
|0 0
|1 0
|4 0
|6 372_357000000000000_COM_1997
|7 0
|8 A
|9 319772
|a BIBHIS
|b BIBHIS
|d 2019-11-20
|i 3484874
|o 372.357 COM 1997
|p 3484874
|r 2025-01-20
|w 2019-11-20
|y BK
|k HIS
|
| 952 |
|
|
|0 0
|1 0
|4 0
|6 372_357000000000000_COM_1997
|7 0
|8 A
|9 319773
|a BIBHIS
|b BIBHIS
|d 2019-11-20
|i 3484882
|o 372.357 COM 1997
|p 3484882
|r 2025-01-20
|w 2019-11-20
|y BK
|k HIS
|